Applied Petroleum Reservoir Engineering / (Record no. 17408)
[ view plain ]
| 000 -LEADER | |
|---|---|
| fixed length control field | 00857pam a2200253 a 4500 |
| 001 - CONTROL NUMBER | |
| control field | 3417261 |
| 005 - DATE AND TIME OF LATEST TRANSACTION | |
| control field | 20130327135846.0 |
| 008 - FIXED-LENGTH DATA ELEMENTS--GENERAL INFORMATION | |
| fixed length control field | 900906s1991 nyua b 001 0 eng |
| 010 ## - LIBRARY OF CONGRESS CONTROL NUMBER | |
| LC control number | 90047806 |
| 020 ## - INTERNATIONAL STANDARD BOOK NUMBER | |
| International Standard Book Number | 0130398845 : |
| 020 ## - INTERNATIONAL STANDARD BOOK NUMBER | |
| International Standard Book Number | 9780130398840 |
| 082 00 - DEWEY DECIMAL CLASSIFICATION NUMBER | |
| Classification number | 622.338 |
| Edition number | 22 |
| Item number | CRA |
| 100 1# - MAIN ENTRY--PERSONAL NAME | |
| Personal name | Craft, B. C. |
| Fuller form of name | (Benjamin Cole) |
| 9 (RLIN) | 32997 |
| 245 10 - TITLE STATEMENT | |
| Title | Applied Petroleum Reservoir Engineering / |
| Statement of responsibility, etc | B.C. Craft and M.F. Hawkins. |
| 250 ## - EDITION STATEMENT | |
| Edition statement | 2nd ed. / |
| Remainder of edition statement | revised by Ronald E. Terry. |
| 260 ## - PUBLICATION, DISTRIBUTION, ETC. (IMPRINT) | |
| Place of publication, distribution, etc | Englewood Cliffs, N.J. : |
| Name of publisher, distributor, etc | Prentice Hall, |
| Date of publication, distribution, etc | c1991. |
| 300 ## - PHYSICAL DESCRIPTION | |
| Extent | xv, 431 p. : |
| Other physical details | ill. ; |
| Dimensions | 24 cm. |
| 504 ## - BIBLIOGRAPHY, ETC. NOTE | |
| Bibliography, etc | Includes bibliographical references and index. |
| 650 #0 - SUBJECT ADDED ENTRY--TOPICAL TERM | |
| Topical term or geographic name as entry element | Oil reservoir engineering. |
| 9 (RLIN) | 32998 |
| 653 ## - INDEX TERM--UNCONTROLLED | |
| Resource For college | |
| Arrived date list | March2013 |
| 700 1# - ADDED ENTRY--PERSONAL NAME | |
| Personal name | Hawkins, Murray F. |
| Fuller form of name | (Murray Free), |
| Dates associated with a name | 1917- |
| 9 (RLIN) | 32999 |
| 700 1# - ADDED ENTRY--PERSONAL NAME | |
| Personal name | Terry, Ronald E. |
| 9 (RLIN) | 33000 |
| 942 ## - ADDED ENTRY ELEMENTS (KOHA) | |
| Source of classification or shelving scheme | Dewey Decimal Classification |
| Item type | Book - Borrowing |
| Withdrawn status | Item status | Source of classification or shelving scheme | Damaged status | Not for loan | Vendor | Home library | Current library | Shelving location | Date acquired | Source of acquisition | Total Checkouts | Total Renewals | Full call number | Barcode | Date last seen | Date last borrowed | Koha item type |
|---|---|---|---|---|---|---|---|---|---|---|---|---|---|---|---|---|---|
| Dewey Decimal Classification | Baccah | Central Library | Central Library | First floor | 27/03/2013 | 6 | 26 | 622.338 CRA | 000028641 | 15/07/2025 | 08/11/2021 | Book - Borrowing |